000 01508cam a2200457Ma 4500
999 _c3787
_d3787
003 ALUPE UNIVERSITY
005 20220210083655.0
008 220210b ||||| |||| 00| 0 eng d
020 _a038796147
040 _cALUPE UNIVERSITY
050 _aQP361
_b.G741 1985
100 1 _aSchmidt, Robert F.
245 1 0 _aFundamentals of Neurophysiology /
_cedited by Robert F. Schmidt.
250 _aThird, rev. edition.
260 _aNew York, NY :
_bSpringer New York,
_c1985.
300 _a1 online resource
336 _atext
_btxt
_2rdacontent
337 _acomputer
_bc
_2rdamedia
338 _aonline resource
_bcr
_2rdacarrier
347 _atext file
_bPDF
_2rda
504 _aIncludes index
650 0 _aLife sciences.
650 0 _aHuman physiology.
650 0 _aNeurosciences.
650 0 _aNeurobiology.
650 2 _aBiological Science Disciplines.
650 2 _aMusculoskeletal and Neural Physiological Phenomena
650 2 _aAnatomy.
650 2 _aNatural Science Disciplines.
650 2 _aPhenomena and Processes
650 2 _aDisciplines and Occupations
650 2 _aNervous System.
650 2 _aPhysiology.
650 2 _aNervous System Physiological Phenomena.
650 7 _aHuman physiology.
_2fast
_0(OCoLC)fst00963183
650 7 _aLife sciences.
_2fast
_0(OCoLC)fst00998323
650 7 _aNeurobiology.
_2fast
_0(OCoLC)fst01036315
650 7 _aNeurosciences.
_2fast
_0(OCoLC)fst01036509
776 1 8 _iPrinted edition
_z9780387961477
942 _2lcc
_cBK
_nWO